000
00250 a2200109 4500
001
39090
090
_c
24648
_d
24648
100
_a
Roden
245
_a
Analog and Digital Communication, 4/e
250
_a
4
260
_a
U S A
_b
Prentice Hall
_c
1996
942
_a
NUST-CAE
_k
621.38415 ROD
999
_c
274163
_d
274163